[Event "PRVA LIGA CENTRALNE SRBIJE 2015"]
[Site "Kragujevac"]
[Date "2015.09.09"]
[Round "7.1"]
[White "Milanovic, Slavisa"]
[Black "Grujovic, Milojica"]
[Result "1-0"]
[WhiteElo "2381"]
[BlackElo "1898"]
[PlyCount "86"]
[EventDate "2015.09.05"]

1. c4 e5 2. Nc3 Nf6 3. Nf3 Nc6 4. a3 a5 5. e3 d5 6. cxd5 Nxd5 7. Qc2 Be6 8. Bb5
Nxc3 9. Qxc3 Bd6 10. Nxe5 Bxe5 11. Qxe5 O-O 12. Qc5 Ne7 13. d4 Bd5 14. O-O c6
15. Bd3 f5 16. Bd2 a4 17. Bb4 Rf7 18. Qd6 Qe8 19. Qe5 g6 20. f3 Qd7 21. e4 Bb3
22. d5 h6 23. d6 Re8 24. Bc3 Kh7 25. Qd4 Nc8 26. e5 Be6 27. Qxa4 Nb6 28. Qh4
Nd5 29. Bd2 f4 30. g4 Kg7 31. Rfe1 Ref8 32. a4 Ra8 33. a5 Qe8 34. Qf2 Qc8 35.
Kh1 Qd7 36. Qd4 Qd8 37. Rg1 Qh4 38. Be1 Qd8 39. Qe4 Qd7 40. Qxg6+ Kf8 41. Qxh6+
Kg8 42. Bh4 Re8 43. Bg6 Rg7 1-0

[Event "PRVA LIGA CENTRALNE SRBIJE 2015"]
[Site "Kragujevac"]
[Date "2015.09.09"]
[Round "7.1"]
[White "Colovic, Dusan"]
[Black "Jovanovic, Dusan D"]
[Result "1-0"]
[WhiteElo "2375"]
[BlackElo "2381"]
[PlyCount "89"]
[EventDate "2015.09.05"]

1. d4 e6 2. Bf4 b6 3. e3 Nf6 4. Nf3 Bb7 5. h3 Bd6 6. Bxd6 cxd6 7. Be2 d5 8. O-O
O-O 9. a4 Nc6 10. Nbd2 d6 11. c3 Rc8 12. b4 Ne7 13. Qb3 a6 14. Rfc1 h6 15. c4
dxc4 16. Nxc4 Qc7 17. Qa3 Bxf3 18. Bxf3 b5 19. axb5 axb5 20. Nd2 Qb8 21. Ne4
Ned5 22. Nxf6+ Nxf6 23. Qa5 e5 24. dxe5 dxe5 25. Bc6 Qd6 26. Qxb5 Rfd8 27. Qc5
Rxc6 28. Qxc6 Qxb4 29. Ra8 Rxa8 30. Qxa8+ Kh7 31. Qf3 Qe7 32. Rc6 Qd7 33. Rxf6
gxf6 34. Qxf6 Qd5 35. g4 e4 36. Kg2 h5 37. Qf5+ Qxf5 38. gxf5 h4 39. f3 Kg7 40.
fxe4 Kf6 41. Kf2 Ke5 42. Kf3 f6 43. Kg4 Kxe4 44. Kxh4 Kxf5 45. Kh5 1-0

[Event "PRVA LIGA CENTRALNE SRBIJE 2015"]
[Site "Kragujevac"]
[Date "2015.09.09"]
[Round "7.1"]
[White "Lapcevic, Milos"]
[Black "Kiproski, Branislav"]
[Result "1/2-1/2"]
[WhiteElo "2376"]
[BlackElo "2240"]
[PlyCount "110"]
[EventDate "2015.09.05"]

1. d4 d5 2. c4 c6 3. Nf3 Nf6 4. Nc3 dxc4 5. a4 Bf5 6. e3 e6 7. Bxc4 Bb4 8. O-O
Nbd7 9. Qe2 O-O 10. e4 Bg6 11. Bd3 Bh5 12. e5 Nd5 13. Nxd5 cxd5 14. Qe3 Re8 15.
Ng5 Bg6 16. f4 Bxd3 17. Qxd3 f5 18. Qb5 a5 19. Be3 Ra6 20. Rac1 Rb6 21. Qd3 h6
22. Nf3 Rc6 23. h3 Qe7 24. g4 g6 25. Qb5 Rb6 26. Qe2 Rc6 27. Kh1 Rec8 28. Rg1
Kh7 29. gxf5 exf5 30. h4 Nf8 31. h5 Rxc1 32. hxg6+ Kg7 33. Bxc1 Rc6 34. Qd3
Rxg6 35. Qxf5 Rxg1+ 36. Kxg1 Qc7 37. Be3 Qc6 38. Qg4+ Qg6 39. Qxg6+ Kxg6 40.
Kf2 Kf5 41. Nh2 Ng6 42. Kf3 Nh4+ 43. Kf2 Ng6 44. Kf3 Nh4+ 45. Ke2 Ng6 46. Nf1
Nxf4+ 47. Bxf4 Kxf4 48. Kd3 Kf5 49. Ne3+ Ke6 50. Ng2 Kf5 51. Ne3+ Ke6 52. Ke2
Be7 53. Kf3 Bg5 54. Ng2 Kf5 55. Ne3+ Ke6 1/2-1/2

[Event "PRVA LIGA CENTRALNE SRBIJE 2015"]
[Site "Kragujevac"]
[Date "2015.09.09"]
[Round "7.1"]
[White "Baralic, Milan"]
[Black "Blesic, Vaso"]
[Result "1/2-1/2"]
[WhiteElo "2195"]
[BlackElo "2365"]
[PlyCount "119"]
[EventDate "2015.09.05"]

1. Nf3 c5 2. c4 g6 3. d4 cxd4 4. Nxd4 Nc6 5. e4 Nf6 6. Nc3 d6 7. Be2 Nxd4 8.
Qxd4 Bg7 9. Bg5 O-O 10. Qd2 Be6 11. f3 Re8 12. Rc1 a5 13. b3 Nd7 14. O-O Nb6
15. Nd5 a4 16. Be3 Nd7 17. b4 a3 18. Bd4 Bxd4+ 19. Qxd4 Ne5 20. Rb1 Nc6 21. Qe3
f5 22. Kh1 fxe4 23. fxe4 Ne5 24. Nb6 Rb8 25. Rb3 Rf8 26. h3 Rxf1+ 27. Bxf1 Qf8
28. Kg1 Qf7 29. Rc3 Rf8 30. Be2 Qf6 31. Nd5 Qh4 32. Bf1 Kh8 33. Rxa3 Qh5 34.
Be2 Qh4 35. Bf1 Bxd5 36. cxd5 g5 37. Bb5 g4 38. Qg3 Qh6 39. Qe3 Qf6 40. Qe1 Qf4
41. Qe3 Qf6 42. Qe1 gxh3 43. Rxh3 Qg6 44. Qe3 Rg8 45. Bf1 Qf6 46. a4 Rc8 47.
Qd2 Ng4 48. a5 Qa1 49. Rf3 Nf6 50. Qf2 Rc1 51. b5 Qe5 52. a6 bxa6 53. bxa6 Qa1
54. Qb6 Kg7 55. a7 Re1 56. Qb7 Qd4+ 57. Kh1 Qxe4 58. Qc8 Qh4+ 59. Kg1 Qd4+ 60.
Kh2 1/2-1/2

[Event "PRVA LIGA CENTRALNE SRBIJE 2015"]
[Site "Kragujevac"]
[Date "2015.09.09"]
[Round "7.1"]
[White "Ivanovic, Dragutin"]
[Black "Sevic, Slobodan"]
[Result "0-1"]
[WhiteElo "2297"]
[BlackElo "2144"]
[PlyCount "138"]
[EventDate "2015.09.05"]

1. d4 Nf6 2. c4 c5 3. d5 d6 4. Nc3 g6 5. e4 Bg7 6. Nge2 O-O 7. Ng3 e6 8. Be2
exd5 9. cxd5 a6 10. a4 Qc7 11. O-O Nbd7 12. Be3 Ne5 13. h3 Rb8 14. Qd2 Re8 15.
Bg5 Ned7 16. Bh6 c4 17. Bxg7 Kxg7 18. Qd4 b5 19. axb5 axb5 20. b4 cxb3 21. Bxb5
Re7 22. Rab1 Qc5 23. Qxc5 Nxc5 24. Rfe1 Ba6 25. Bxa6 Nxa6 26. f3 Rc7 27. Nge2
Nd7 28. f4 f6 29. Red1 Rc4 30. Rd4 Rcb4 31. Kf2 Kf7 32. Ke3 Nac5 33. Nd1 Na4
34. Nb2 Nxb2 35. Rxb2 Nc5 36. Rxb4 Rxb4 37. Nd4 Ke8 38. h4 h5 39. f5 g5 40.
hxg5 fxg5 41. g3 h4 42. gxh4 gxh4 43. Ne6 Rxe4+ 44. Kf3 Rb4 45. Ng5 Ke7 46. Nh7
Nd3 47. Rb1 b2 48. f6+ Kf7 49. Ke3 Ne5 50. Ng5+ Kxf6 51. Ne4+ Ke7 52. Nd2 h3
53. Ke2 Kf6 54. Rh1 Rh4 55. Kd1 Kg5 56. Ke2 Kf4 57. Rf1+ Kg5 58. Rh1 Rh8 59.
Ne4+ Kh4 60. Rb1 Rb8 61. Nxd6 Kg3 62. Ne4+ Kg2 63. Nf2 h2 64. d6 Nc4 65. d7 Rd8
66. Rd1 b1=Q 67. Rxb1 Rxd7 68. Rh1 Re7+ 69. Kd3 Ne5+ 0-1

[Event "PRVA LIGA CENTRALNE SRBIJE 2015"]
[Site "Kragujevac"]
[Date "2015.09.09"]
[Round "7.2"]
[White "Brkljaca, Ante"]
[Black "Kuzubov, Yuriy"]
[Result "0-1"]
[WhiteElo "2321"]
[BlackElo "2636"]
[PlyCount "90"]
[EventDate "2015.09.05"]

1. d4 f5 2. Nf3 Nf6 3. g3 g6 4. Bg2 Bg7 5. O-O O-O 6. b3 d6 7. Bb2 Qe8 8. Nbd2
Nc6 9. Nc4 Bd7 10. a4 Rd8 11. d5 Nb4 12. Ne3 c6 13. c4 e5 14. dxe6 Bxe6 15. Nc2
Na6 16. Ng5 Bc8 17. b4 h6 18. Nf3 c5 19. b5 Nc7 20. e3 d5 21. Na3 dxc4 22. Qc2
Ncd5 23. Qxc4 Ne4 24. Bxg7 Kxg7 25. Rad1 Be6 26. Qc2 Qe7 27. Nd2 Nec3 28. Rde1
Qf6 29. e4 Nb4 30. e5 Nxc2 31. exf6+ Kxf6 32. Nxc2 Rxd2 33. Ne3 b6 34. Ra1 Rfd8
35. Bc6 Ra2 36. Rxa2 Bxa2 37. a5 bxa5 38. Kg2 Be6 39. Ra1 a4 40. h4 Bb3 41. h5
Nd1 42. hxg6 Nxe3+ 43. fxe3 Rd1 44. Ra3 Rd2+ 45. Kf3 Bd1+ 0-1

[Event "PRVA LIGA CENTRALNE SRBIJE 2015"]
[Site "Kragujevac"]
[Date "2015.09.09"]
[Round "7.2"]
[White "Milanovic, Danilo"]
[Black "Sorgic, Dragan"]
[Result "1-0"]
[WhiteElo "2462"]
[BlackElo "2215"]
[PlyCount "73"]
[EventDate "2015.09.05"]

1. d4 Nf6 2. c4 g6 3. Nc3 Bg7 4. e4 d6 5. f3 O-O 6. Bg5 c5 7. d5 h6 8. Be3 e6
9. Qd2 exd5 10. cxd5 a6 11. a4 Nbd7 12. Nh3 Ne5 13. Nf2 h5 14. Be2 Ne8 15. h3
f6 16. f4 Nf7 17. f5 gxf5 18. exf5 Bxf5 19. Bxh5 Bh7 20. O-O f5 21. Nd3 Ne5 22.
Bg5 Qd7 23. Nf4 Nc7 24. a5 Nc4 25. Qe2 Nxb2 26. Ra3 Bd4+ 27. Kh1 Qg7 28. Ne6
Nxe6 29. Qxe6+ Kh8 30. Bh6 Qg3 31. Nb5 Qh4 32. Nxd4 Qxd4 33. Bxf8 Rxf8 34. Qxd6
Rg8 35. Rg3 Rxg3 36. Qxg3 Qxd5 37. Re1 1-0

[Event "PRVA LIGA CENTRALNE SRBIJE 2015"]
[Site "Kragujevac"]
[Date "2015.09.09"]
[Round "7.2"]
[White "Nikolic, Dragovan"]
[Black "Savic, Miodrag R"]
[Result "0-1"]
[WhiteElo "2245"]
[BlackElo "2503"]
[PlyCount "114"]
[EventDate "2015.09.05"]

1. d4 Nf6 2. Nf3 e6 3. c4 d5 4. cxd5 exd5 5. Bg5 h6 6. Bf4 c6 7. Nc3 Bf5 8. e3
Qb6 9. Qc1 Nbd7 10. Be2 g5 11. Bg3 Nh5 12. Be5 Ng7 13. Bg3 Be7 14. h3 Bg6 15.
Ne5 Nxe5 16. Bxe5 O-O 17. O-O Rae8 18. a3 f6 19. Bh2 Qd8 20. b4 a6 21. Na4 Rf7
22. Nc5 Bd6 23. Bxd6 Qxd6 24. Bd3 f5 25. Qc2 Bh5 26. Rae1 Qf6 27. Be2 Bg6 28.
Qd2 f4 29. Bf3 Rfe7 30. exf4 Qxf4 31. Qxf4 gxf4 32. Rxe7 Rxe7 33. Rd1 Ne8 34.
a4 Nd6 35. Kf1 Kf7 36. Be2 Be4 37. Bh5+ Kf6 38. Bg4 Bc2 39. Rc1 Bf5 40. Be2 Be4
41. Bg4 Bf5 42. Be2 Kg5 43. a5 Be4 44. f3 Bg6 45. Nxa6 Nf5 46. h4+ Kxh4 47. Kf2
Ng3 48. Bb5 cxb5 49. Nc7 Re2+ 50. Kg1 Rd2 51. Kh2 Rxd4 52. a6 bxa6 53. Nxa6 Bf5
54. Re1 Kg5 55. Nc7 Rxb4 56. Nxd5 Rb1 57. Re5 Rh1# 0-1

[Event "PRVA LIGA CENTRALNE SRBIJE 2015"]
[Site "Kragujevac"]
[Date "2015.09.09"]
[Round "7.2"]
[White "Arsovic, Zoran"]
[Black "Vojinovic, Luka"]
[Result "1-0"]
[WhiteElo "2421"]
[BlackElo "2122"]
[PlyCount "91"]
[EventDate "2015.09.05"]

1. Nf3 c5 2. c4 Nc6 3. Nc3 g6 4. e3 Nf6 5. d4 d6 6. d5 Ne5 7. Nxe5 dxe5 8. Be2
Bg7 9. e4 O-O 10. Be3 b6 11. O-O Ne8 12. a3 f5 13. f3 Bd7 14. b4 Rc8 15. Qb3
Nd6 16. bxc5 bxc5 17. a4 Qa5 18. Qa3 h5 19. Rfb1 Kh7 20. Qc1 a6 21. Bg5 Bf6 22.
Bd2 Qc7 23. Qa3 Rb8 24. Be3 Rb4 25. Rxb4 cxb4 26. Qxb4 Rb8 27. Qc5 Qxc5 28.
Bxc5 Rc8 29. Bxd6 exd6 30. Rb1 Bd8 31. Rb7 Rc7 32. Rxc7 Bxc7 33. c5 dxc5 34.
Bxa6 Ba5 35. Bb5 Bxc3 36. Bxd7 fxe4 37. fxe4 Bd4+ 38. Kf1 c4 39. a5 Kg7 40. Ke2
Kf7 41. h4 Ke7 42. Be6 Kf6 43. a6 c3 44. Kd3 g5 45. g4 hxg4 46. h5 1-0

[Event "PRVA LIGA CENTRALNE SRBIJE 2015"]
[Site "Kragujevac"]
[Date "2015.09.09"]
[Round "7.2"]
[White "Cirakovic, Ivan"]
[Black "Kostic, Vladimir G"]
[Result "0-1"]
[WhiteElo "2164"]
[BlackElo "2367"]
[PlyCount "58"]
[EventDate "2015.09.05"]

1. e4 e6 2. d3 c5 3. g3 Nc6 4. Bg2 d5 5. Nd2 Nf6 6. Ngf3 g6 7. O-O Bg7 8. exd5
Nxd5 9. Ne4 Qe7 10. Bg5 f6 11. Bd2 e5 12. Nc3 Nxc3 13. bxc3 O-O 14. Re1 Rd8 15.
Qe2 Be6 16. d4 cxd4 17. cxd4 Nxd4 18. Nxd4 Rxd4 19. f4 Rc8 20. c3 Rdd8 21. fxe5
fxe5 22. Rad1 b6 23. Kh1 Bd5 24. Bxd5+ Rxd5 25. Bg5 Qe6 26. c4 Rxd1 27. Rxd1 h6
28. Rd8+ Rxd8 29. Bxd8 Qd7 0-1

[Event "PRVA LIGA CENTRALNE SRBIJE 2015"]
[Site "Kragujevac"]
[Date "2015.09.09"]
[Round "7.2"]
[White "Bozic, Milan"]
[Black "Ivanovic, Lazar"]
[Result "1-0"]
[WhiteElo "2438"]
[BlackElo "2017"]
[PlyCount "105"]
[EventDate "2015.09.05"]

1. Nf3 c5 2. c4 g6 3. g3 Bg7 4. Bg2 Nc6 5. O-O Nf6 6. d4 cxd4 7. Nxd4 O-O 8.
Nc3 Qb6 9. Nc2 d6 10. b3 Be6 11. Rb1 Qa5 12. Bb2 Rac8 13. e4 Nd7 14. Qd2 a6 15.
Rfd1 b5 16. b4 Qb6 17. cxb5 axb5 18. Nd5 Bxd5 19. exd5 Nce5 20. Ne3 Qa7 21. Bd4
Qa6 22. Qe2 Nb6 23. Rb2 Rc7 24. Bf1 Rfc8 25. Bh3 Ra8 26. Bf1 Rac8 27. Rb3 Nbc4
28. Kg2 Qa8 29. Kg1 Nxe3 30. Rxe3 Rc2 31. Qxb5 Qxa2 32. Qa6 Qxd5 33. Bg2 Qa2
34. Qxa2 Rxa2 35. h3 Ra4 36. f4 Nc6 37. Bxg7 Kxg7 38. b5 Nb4 39. Rxe7 d5 40.
Rb1 Rb8 41. Bf1 Rb6 42. Rb2 Re6 43. Rxe6 fxe6 44. Kf2 d4 45. b6 d3 46. b7 Nc6
47. b8=Q Nxb8 48. Rxb8 Ra2+ 49. Ke3 d2 50. Rb1 Ra3+ 51. Bd3 Ra2 52. Rd1 Kf6 53.
Rxd2 1-0

[Event "PRVA LIGA CENTRALNE SRBIJE 2015"]
[Site "Kragujevac"]
[Date "2015.09.09"]
[Round "7.3"]
[White "Radibratovic, Predrag"]
[Black "Zajic, Milan"]
[Result "1/2-1/2"]
[WhiteElo "2327"]
[BlackElo "2472"]
[PlyCount "118"]
[EventDate "2015.09.05"]

1. d4 g6 2. e4 Bg7 3. Nc3 d6 4. h3 a6 5. a4 Nf6 6. Be3 O-O 7. Nf3 Nc6 8. Be2 e5
9. O-O exd4 10. Nxd4 Re8 11. Nxc6 bxc6 12. Bd3 Rb8 13. Rb1 d5 14. exd5 cxd5 15.
Ne2 Nd7 16. b3 c5 17. Ng3 Bb7 18. Re1 Qc7 19. Qd2 Be5 20. Bf1 Rbc8 21. Bh6 Qc6
22. Bf4 Re6 23. Bxe5 Nxe5 24. f4 Nd7 25. f5 Rxe1 26. Rxe1 Qf6 27. Qe3 Qh4 28.
fxg6 hxg6 29. Qf2 Nf8 30. Re3 Ne6 31. Bd3 Nd4 32. Ne2 Qxf2+ 33. Kxf2 Nc6 34.
Nf4 Rd8 35. Be2 d4 36. Rg3 Ne5 37. Nd3 Nxd3+ 38. Bxd3 Kh7 39. Rg5 f5 40. h4 Rd6
41. g4 Be4 42. gxf5 Bxf5 43. Bxf5 gxf5 44. Rxf5 d3 45. cxd3 Rxd3 46. Rxc5 Rxb3
47. Rc6 a5 48. Rc5 Rb4 49. Rxa5 Rxh4 50. Ra8 Kg7 51. a5 Rh5 52. a6 Rf5+ 53. Ke3
Rf6 54. Kd4 Rb6 55. Kc5 Rf6 56. Ra7+ Kg6 57. Kb5 Rf5+ 58. Kc4 Rf6 59. Kd5 Rb6
1/2-1/2

[Event "PRVA LIGA CENTRALNE SRBIJE 2015"]
[Site "Kragujevac"]
[Date "2015.09.09"]
[Round "7.3"]
[White "Radovanovic, Nikola"]
[Black "Mrsevic, Miroslav"]
[Result "1/2-1/2"]
[WhiteElo "2407"]
[BlackElo "2268"]
[PlyCount "140"]
[EventDate "2015.09.05"]

1. d4 Nf6 2. c4 g6 3. Nc3 Bg7 4. e4 d6 5. Be2 O-O 6. Nf3 e5 7. O-O Nc6 8. d5
Ne7 9. Kh1 Ne8 10. Ne1 f5 11. exf5 Nxf5 12. Nf3 Nf6 13. Bd3 Bd7 14. Ng5 Nd4 15.
Nge4 b6 16. Bg5 Qe8 17. Qd2 Nh5 18. Rae1 Nf4 19. Bxf4 Rxf4 20. Ne2 Nxe2 21.
Qxe2 Qe7 22. f3 Bh6 23. g3 Rf7 24. Nf2 Qg5 25. Be4 a5 26. Kg2 a4 27. h4 Qd2 28.
Nd3 Qa5 29. h5 g5 30. g4 Bf8 31. Qc2 Be7 32. h6 Kh8 33. Rd1 Qa6 34. Qc3 Qa5 35.
Qc2 Qa6 36. Ra1 Raf8 37. b4 axb3 38. axb3 Qc8 39. Qe2 c5 40. Rh1 b5 41. Ra7 Bd8
42. Rha1 Bb6 43. R7a6 Qc7 44. Qd2 Bc8 45. Ra8 Rg8 46. Nf2 bxc4 47. bxc4 Qe7 48.
Rb1 Bc7 49. Nh3 Rff8 50. Ra7 Rf7 51. Rb8 Qf6 52. Nxg5 Re7 53. Rba8 Bd8 54. Rxe7
Bxe7 55. Nh3 Rd8 56. Qa5 Qf8 57. Ra7 Bd7 58. Qd2 Bh4 59. Ng5 Qe7 60. Ne6 Rg8
61. Bf5 Qf6 62. Rxd7 Qxf5 63. Rg7 Qf6 64. Qc2 Qxh6 65. Rxg8+ Kxg8 66. Qa4 Qd2+
67. Kh3 Kf7 68. Kxh4 Qe1+ 69. Kh3 Qh1+ 70. Kg3 Qg1+ 1/2-1/2

[Event "PRVA LIGA CENTRALNE SRBIJE 2015"]
[Site "Kragujevac"]
[Date "2015.09.09"]
[Round "7.3"]
[White "Jevtic, Sasa"]
[Black "Brajovic, Miroljub"]
[Result "1/2-1/2"]
[WhiteElo "2284"]
[BlackElo "2104"]
[PlyCount "137"]
[EventDate "2015.09.05"]

1. d4 Nf6 2. Nf3 d6 3. c4 Nbd7 4. Nc3 c6 5. e4 e5 6. Be2 a6 7. O-O Be7 8. b3
O-O 9. Bb2 Qc7 10. Rc1 Re8 11. Re1 Nf8 12. h3 Ng6 13. Bf1 h6 14. b4 Bd7 15. Qb3
Bf8 16. d5 Nf4 17. Na4 b6 18. dxc6 Bxc6 19. Nc3 Qb7 20. Nd2 Bd7 21. Nd5 N6xd5
22. cxd5 Be7 23. Rc2 Rec8 24. Nc4 Bb5 25. Rec1 Bxc4 26. Rxc4 Bd8 27. Qc2 Rxc4
28. Qxc4 Kf8 29. Qc6 Qxc6 30. Rxc6 Ke7 31. g3 Nh5 32. a4 Nf6 33. f3 Ne8 34. h4
g6 35. Bc1 h5 36. Be3 a5 37. Bxb6 axb4 38. a5 b3 39. Rc3 Bxb6+ 40. axb6 Rb8 41.
Rxb3 Nf6 42. Bh3 Kd8 43. Kf2 Ng8 44. Ke3 Ne7 45. f4 f6 46. Be6 Nc8 47. b7 Ne7
48. f5 Ke8 49. Ra3 Kd8 50. Ra8 Kc7 51. Rxb8 Kxb8 52. fxg6 Nxg6 53. Bc8 Ne7 54.
Kf3 f5 55. exf5 Nxd5 56. g4 hxg4+ 57. Kxg4 Nf6+ 58. Kg5 e4 59. Kf4 Kc7 60. Ke3
Kb8 61. Kf4 d5 62. Be6 d4 63. Bd5 d3 64. Bxe4 Nxe4 65. Ke3 d2 66. Ke2 Kxb7 67.
f6 Nxf6 68. Kxd2 Kc6 69. Ke3 1/2-1/2

[Event "PRVA LIGA CENTRALNE SRBIJE 2015"]
[Site "Kragujevac"]
[Date "2015.09.09"]
[Round "7.3"]
[White "Kijanovic, Igor"]
[Black "Djordjevic, Vuk"]
[Result "0-1"]
[WhiteElo "2064"]
[BlackElo "2209"]
[PlyCount "120"]
[EventDate "2015.09.05"]

1. d4 Nf6 2. Nf3 e6 3. c4 b6 4. Nc3 Bb7 5. e3 d5 6. cxd5 exd5 7. Bd3 Nbd7 8.
O-O Bd6 9. a4 a6 10. b3 Qe7 11. Ne2 O-O 12. Ng3 g6 13. Bb2 Ne4 14. Rc1 f5 15.
Qc2 Rfc8 16. Qe2 h5 17. Rfe1 Qf6 18. Rc2 Re8 19. Nf1 Re7 20. N3d2 Nf8 21. f3
Ng5 22. Qf2 Rae8 23. h4 Nge6 24. Rec1 g5 25. hxg5 Nxg5 26. f4 Ne4 27. Nxe4 fxe4
28. Be2 Rh7 29. Nh2 Ng6 30. Kf1 Rf8 31. g3 h4 32. Ng4 Qf5 33. Ke1 hxg3 34. Qxg3
Rff7 35. Kd2 Kf8 36. Ne5 Rfg7 37. Bg4 Nxe5 38. Bxf5 Rxg3 39. Bxh7 Nd3 40. Bc3
Nxc1 41. Rxc1 Bc8 42. Rh1 Bh3 43. f5 Kg7 44. Bg6 a5 45. Ke2 Kf6 46. Be1 Bg4+
47. Kd2 Rg2+ 48. Kc1 Ba3+ 49. Kb1 Bxf5 50. Be8 Bg4 51. Bb5 Be2 52. Bh4+ Ke6 53.
Bxe2 Rxe2 54. Bg5 Rb2+ 55. Ka1 Rxb3 56. Ka2 Rc3 57. Bf4 Bc1 58. Rh6+ Kd7 59.
Rh7+ Kc8 60. Rh3 Kb7 0-1

[Event "PRVA LIGA CENTRALNE SRBIJE 2015"]
[Site "Kragujevac"]
[Date "2015.09.09"]
[Round "7.3"]
[White "Cvetanovic, Uros"]
[Black "Vizlina, Branisa"]
[Result "1-0"]
[WhiteElo "2230"]
[BlackElo "2045"]
[PlyCount "61"]
[EventDate "2015.09.05"]

1. e4 Nc6 2. d4 d5 3. e5 Bf5 4. g4 Be4 5. f3 Bg6 6. Ne2 Nb4 7. Na3 e6 8. h4 h6
9. Nf4 Bh7 10. c3 Nc6 11. Qb3 Rb8 12. Be3 Be7 13. Bf2 g5 14. hxg5 hxg5 15. Ng2
Bxa3 16. Qxa3 Nge7 17. Bd3 Ng6 18. Bxg6 fxg6 19. Be3 Kd7 20. O-O-O b5 21. Qc5
Rb6 22. Rh3 b4 23. c4 Ne7 24. Bxg5 Rc6 25. Qb5 a6 26. Qa4 Qf8 27. c5 Qf7 28.
Rdh1 Re8 29. Rxh7 Qxf3 30. Bxe7 Qxg2 31. Bg5+ 1-0

[Event "PRVA LIGA CENTRALNE SRBIJE 2015"]
[Site "Kragujevac"]
[Date "2015.09.09"]
[Round "7.4"]
[White "Petkov, Vladimir"]
[Black "Ninov, Nikolai"]
[Result "1-0"]
[WhiteElo "2481"]
[BlackElo "2436"]
[PlyCount "57"]
[EventDate "2015.09.05"]

1. d4 d5 2. Nf3 Nf6 3. g3 c6 4. Bg2 g6 5. O-O Bg7 6. a4 a5 7. Nbd2 O-O 8. c3
Re8 9. Qb3 Nbd7 10. e4 e5 11. exd5 Nxd5 12. Ne4 exd4 13. Nxd4 h6 14. Bd2 Kh7
15. Qc2 N7f6 16. Nxf6+ Bxf6 17. Rfe1 Rxe1+ 18. Rxe1 Qb6 19. Qc1 Bg7 20. Bxd5
cxd5 21. Re8 Qa6 22. Qe1 Bd7 23. Re7 Be8 24. Rxe8 Rxe8 25. Qxe8 Qd3 26. Be3
Qb1+ 27. Kg2 Qxb2 28. Qxf7 Qxc3 29. Ne6 1-0

[Event "PRVA LIGA CENTRALNE SRBIJE 2015"]
[Site "Kragujevac"]
[Date "2015.09.09"]
[Round "7.4"]
[White "Ostojic, Nikola"]
[Black "Paunovic, Tomislav"]
[Result "1-0"]
[WhiteElo "2420"]
[BlackElo "2342"]
[PlyCount "49"]
[EventDate "2015.09.05"]

1. Nf3 d5 2. g3 Nc6 3. d4 Bf5 4. Bg2 Qd7 5. O-O O-O-O 6. c4 dxc4 7. Nc3 Nf6 8.
Qa4 a6 9. Rd1 e6 10. a3 Nd5 11. Qxc4 f6 12. Qa2 g5 13. Ne1 h5 14. e4 Nxc3 15.
bxc3 Bg6 16. Be3 h4 17. e5 Be7 18. exf6 Bxf6 19. Nd3 hxg3 20. hxg3 b6 21. Qe2
Be8 22. Ne5 Qd6 23. Qxa6+ Kb8 24. Nc4 Qd7 25. Na5 1-0

[Event "PRVA LIGA CENTRALNE SRBIJE 2015"]
[Site "Kragujevac"]
[Date "2015.09.09"]
[Round "7.4"]
[White "Manic, Jovica"]
[Black "Lukovic, Vladimir"]
[Result "1/2-1/2"]
[WhiteElo "2265"]
[BlackElo "2438"]
[PlyCount "78"]
[EventDate "2015.09.05"]

1. Nf3 d5 2. c4 c6 3. e3 Nf6 4. b3 g6 5. Bb2 Bg7 6. Be2 O-O 7. O-O Bf5 8. d3
Nbd7 9. Nd4 e5 10. Nxf5 gxf5 11. Nd2 Qe7 12. Qc2 Kh8 13. Nf3 c5 14. Nh4 Qe6 15.
cxd5 Nxd5 16. e4 Nb4 17. Qd1 fxe4 18. dxe4 Rad8 19. Bc4 Qf6 20. Nf5 Nb6 21. Qe2
Nc6 22. Bd3 Nd4 23. Bxd4 cxd4 24. Qd2 Nd7 25. Rfc1 Rc8 26. b4 Nb6 27. Rxc8 Rxc8
28. Rc1 Bf8 29. a3 Qe6 30. g3 h6 31. Kg2 Rxc1 32. Qxc1 Qc6 33. Qd1 a6 34. Qb3
Kg8 35. h4 Qc1 36. Be2 Qc6 37. Bd3 Nc8 38. Qd5 Qxd5 39. exd5 Nd6 1/2-1/2

[Event "PRVA LIGA CENTRALNE SRBIJE 2015"]
[Site "Kragujevac"]
[Date "2015.09.09"]
[Round "7.4"]
[White "Ilic, Dragan M"]
[Black "Todorovic, Bojan"]
[Result "0-1"]
[WhiteElo "2354"]
[BlackElo "2330"]
[PlyCount "68"]
[EventDate "2015.09.05"]

1. d4 Nf6 2. c4 g6 3. Nc3 d5 4. Nf3 Bg7 5. cxd5 Nxd5 6. Bd2 O-O 7. e4 Nb6 8.
Be3 Bg4 9. Be2 Nc6 10. d5 Bxf3 11. gxf3 Na5 12. Bd4 Qd6 13. Rb1 Bxd4 14. Qxd4
e5 15. Qd1 Qe7 16. a4 Qb4 17. O-O Nb3 18. Qd3 Nd4 19. Rfc1 c6 20. dxc6 bxc6 21.
Bd1 Rad8 22. Ne2 Qe1+ 23. Kg2 Ne6 24. Qc3 Rd2 25. Qxe5 c5 26. Qg3 Rxe2 27. Bxe2
Qxe2 28. a5 Nc4 29. Rc3 Nxa5 30. Ra3 Nc6 31. Qd6 Ncd4 32. Re3 Qd2 33. b3 Rd8
34. Qe5 Ne2 0-1

[Event "PRVA LIGA CENTRALNE SRBIJE 2015"]
[Site "Kragujevac"]
[Date "2015.09.09"]
[Round "7.4"]
[White "Zivkovic, Vladislav"]
[Black "Arandjelovic, Aleksandar Z"]
[Result "1-0"]
[WhiteElo "2177"]
[BlackElo "2060"]
[PlyCount "95"]
[EventDate "2015.09.05"]

1. c4 Nf6 2. g3 g6 3. Nc3 Bg7 4. Bg2 O-O 5. e4 d6 6. d3 e5 7. Nge2 Nc6 8. h3 a5
9. Be3 Re8 10. O-O Bd7 11. Rb1 Qe7 12. a3 Qf8 13. b4 axb4 14. axb4 Nd8 15. f4
exf4 16. gxf4 c6 17. Qd2 Qe7 18. Ng3 Ra3 19. Rfc1 h5 20. Qb2 Ra8 21. Qf2 h4 22.
Nge2 Nh5 23. Bd4 Bh6 24. Rf1 f5 25. c5 Ne6 26. cxd6 Qxd6 27. e5 Qe7 28. Be3 Ra3
29. Rfc1 Kh7 30. d4 g5 31. fxg5 Nxg5 32. Kh1 f4 33. Nxf4 Ng3+ 34. Kh2 Rf8 35.
Qd2 Rxf4 36. Bxf4 Bxh3 37. Ra1 Bxg2 38. Qxg2 Rxa1 39. Rxa1 Nh5 40. Be3 Ng3 41.
Bxg5 Bxg5 42. Ne4 Bf4 43. Nf6+ Kg6 44. Rf1 Kg5 45. Ne4+ Kf5 46. Nxg3+ hxg3+ 47.
Kg1 Qh4 48. Qd2 1-0

[Event "PRVA LIGA CENTRALNE SRBIJE 2015"]
[Site "Kragujevac"]
[Date "2015.09.09"]
[Round "7.5"]
[White "Stankovic, Milos"]
[Black "Ristic, Nenad"]
[Result "1/2-1/2"]
[WhiteElo "2429"]
[BlackElo "2440"]
[PlyCount "83"]
[EventDate "2015.09.05"]

1. e4 c5 2. Nf3 Nc6 3. Bb5 Nf6 4. Nc3 d6 5. e5 Ng4 6. Bxc6+ bxc6 7. exd6 exd6
8. O-O Be7 9. h3 Nf6 10. d4 O-O 11. dxc5 dxc5 12. Qxd8 Rxd8 13. Ne5 Bb7 14. Re1
Kf8 15. b3 Nd5 16. Ne4 Nb4 17. Re2 Rd1+ 18. Kh2 f6 19. Nc4 Ba6 20. a3 Nd5 21.
Bb2 Rxa1 22. Bxa1 Nb6 23. Ned2 Rd8 24. Bc3 Kf7 25. Re4 Rd7 26. Ne3 Nd5 27. Ba5
Bd6+ 28. g3 Bc7 29. Bxc7 Nxe3 30. Rxe3 Rxd2 31. Kg2 Rxc2 32. Bb8 c4 33. Bxa7
cxb3 34. Rxb3 c5 35. g4 Bc4 36. Rb7+ Kg6 37. Rc7 Bd5+ 38. Kg3 Rc3+ 39. Kh2 Rxa3
40. Bxc5 Rc3 41. Bd6 Rxc7 42. Bxc7 1/2-1/2

[Event "PRVA LIGA CENTRALNE SRBIJE 2015"]
[Site "Kragujevac"]
[Date "2015.09.09"]
[Round "7.5"]
[White "Markovic, Zoran S"]
[Black "Radovanovic, Mihajlo"]
[Result "1-0"]
[WhiteElo "2367"]
[BlackElo "2421"]
[PlyCount "43"]
[EventDate "2015.09.05"]

1. e4 c5 2. Nf3 Nf6 3. e5 Nd5 4. Nc3 e6 5. Nxd5 exd5 6. d4 Nc6 7. dxc5 Bxc5 8.
Qxd5 Qb6 9. Bc4 Bxf2+ 10. Ke2 O-O 11. Rf1 Bc5 12. Ng5 d6 13. Rxf7 Nd4+ 14. Kd1
Bg4+ 15. Rf3+ Ne6 16. Nxe6 Kh8 17. Nxf8 Rxf8 18. c3 dxe5 19. Kc2 Bxf3 20. gxf3
Rd8 21. Qe4 h6 22. Bd3 1-0

[Event "PRVA LIGA CENTRALNE SRBIJE 2015"]
[Site "Kragujevac"]
[Date "2015.09.09"]
[Round "7.5"]
[White "Rajkovic, Dusan"]
[Black "Milenkovic, Mladen"]
[Result "1/2-1/2"]
[WhiteElo "2367"]
[BlackElo "2317"]
[PlyCount "106"]
[EventDate "2015.09.05"]

1. d4 Nf6 2. c4 e6 3. Nf3 b6 4. g3 Bb7 5. Bg2 c5 6. d5 exd5 7. Nh4 g6 8. Nc3
Bg7 9. cxd5 d6 10. O-O O-O 11. Rb1 Nbd7 12. a3 a6 13. b4 Rc8 14. Bb2 cxb4 15.
axb4 b5 16. Nf3 Nb6 17. Nd4 Rc4 18. Ba1 Nfxd5 19. Nxd5 Bxd5 20. Bxd5 Nxd5 21.
Nxb5 Ne3 22. Qd3 Nxf1 23. Bxg7 Kxg7 24. Qxc4 axb5 25. Qc6 Qe8 26. Qxe8 Rxe8 27.
Kxf1 Kf6 28. Rd1 Ke6 29. e4 Kd7 30. f3 Rc8 31. e5 Rc4 32. Rxd6+ Ke7 33. Ke2
Rxb4 34. h4 Rb3 35. g4 b4 36. Rb6 Rb1 37. f4 b3 38. f5 gxf5 39. gxf5 b2 40.
Rb7+ Ke8 41. Kd3 Re1 42. Rxb2 Rxe5 43. Rb8+ Ke7 44. Rh8 Rxf5 45. Rxh7 Re5 46.
Rg7 Ke6 47. Rg1 Kf6 48. Kd4 Re8 49. Rf1+ Kg6 50. h5+ Kg7 51. Rf5 f6 52. Kd3 Kf7
53. Ra5 Re5 1/2-1/2